书目信息 |
| 题名: |
光谱分析法实验与习题
|
|
| 作者: | 郭德济 主编 | |
| 分册: | ||
| 出版信息: | 重庆 重庆大学出版社 1993.06 |
|
| 页数: | 181页 | |
| 开本: | 32开 | |
| 丛书名: | ||
| 单 册: | ||
| 中图分类: | O657.3 | |
| 科图分类: | ||
| 主题词: | 分析化学 , 分析(化学) | |
| 电子资源: | ||
| ISBN: | 7-5624-0574-3 | |
| 000 | 00592nam0 2200205 45 | |
| 001 | 0008111538 | |
| 005 | 20000811152704.0 | |
| 010 | @a7-5624-0574-3@d5.50元 | |
| 100 | @a20000811d1993 km y0chiy0120 ea | |
| 101 | 0 | @achi |
| 105 | @a z 000yy | |
| 200 | 1 | @a光谱分析法实验与习题@AGuang Pu Fen Xi Fa Shi Yan Yu Xi Ti@f郭德济 主编@FGuo De Ji Zhu Bian |
| 210 | @a重庆@c重庆大学出版社@d1993.06 | |
| 215 | @a181页@d32开 | |
| 606 | 0 | @a分析化学 |
| 606 | 0 | @a分析(化学) |
| 690 | @aO657.3@v3 | |
| 701 | 0 | @a郭德济@4主编 |
| 801 | @aCN@bPftUser@c20000811 | |
| 905 | @b104082-091@dO657.3@eG342@f10 | |
| 光谱分析法实验与习题/郭德济 主编.-重庆:重庆大学出版社,1993.06 |
| 181页;32开 |
| ISBN 7-5624-0574-3:5.50元 |
| ● |
| 相关链接 |
|
|
|
正题名:光谱分析法实验与习题
索取号:O657.3/G342
 
预约/预借
| 序号 | 登录号 | 条形码 | 馆藏地/架位号 | 状态 | 备注 |
| 1 | 104082 | 201040827 | 自科库401/401自科库 96排2列2层/ [索取号:O657.3/G342] | 在馆 | |
| 2 | 104083 | 201040836 | 自科库401/401自科库 96排2列2层/ [索取号:O657.3/G342] | 在馆 | |
| 3 | 104084 | 201040845 | 自科库401/401自科库 96排2列2层/ [索取号:O657.3/G342] | 在馆 | |
| 4 | 104085 | 201040854 | 自科库401/401自科库 96排2列2层/ [索取号:O657.3/G342] | 在馆 | |
| 5 | 104086 | 201040863 | 自科库401/401自科库 96排2列2层/ [索取号:O657.3/G342] | 在馆 | |
| 6 | 104087 | 201040872 | 自科库401/401自科库 96排2列2层/ [索取号:O657.3/G342] | 在馆 | |
| 7 | 104088 | 201040881 | 自科库401/401自科库 96排2列2层/ [索取号:O657.3/G342] | 在馆 | |
| 8 | 104089 | 201040890 | 自科库401/401自科库 96排2列2层/ [索取号:O657.3/G342] | 在馆 | |
| 9 | 104090 | 201040907 | 自科库401/401自科库 96排2列2层/ [索取号:O657.3/G342] | 在馆 | |
| 10 | 104091 | 201040916 | 自科库401/401自科库 96排2列2层/ [索取号:O657.3/G342] | 在馆 |